000 00689nam a2200253Ia 4500
008 170203s9999 xx 000 0 und d
020 _a0-81183946x
050 _aFic
050 _b.D771h 2004
100 _aPollack, Pam
245 _aHalloween night on Shivermore Street /
245 _cby Pam Pollack and Meg Belviso ; illustrated by Randy DuBurke.
260 _aSan Francisco :
260 _bChronicle Books,
260 _c2004
300 _bcolor illustrations ;
300 _c28 cm.
650 _aHalloween --
650 _aHalloween -- Pictorial works --
650 _aParties --
650 _xFiction.
650 _xFiction.
650 _xJuvenile fiction.
999 _c306186
_d306186